02645cam a2200337 a 450000100100000000500170001000800410002703500230006804000350009104200140012608200170014010000370015724500810019424600580027526000410033330000210037449000370039550400280043250507840046050505370124465000440178165000410182565000460186665000430191283000470195591000370200204900090203995201210204895201210216999900170229000001842320200929165514.0780322s1970 sp 000 p spa d a(OCoLC)ocm03740698 aDO-SdBNPcKKUdEL$dDLCdBNPHU alccopycat a861.5bC289a1 aCarnero, Guillermo,d1947-9976210aAntología de los poetas prerrománticos españoles /cCarnero Guillermo.14aAntología de la poesía prerromántica española aBarcelona :bBarral Editores,c1970. a275 p. ;c19 cm.1 aLibros de enlace ;apoesíav10 aBibliografías: p. 17.0 aBenito Jerónimo Feijóo y Montenegro -- Diego de Torres y Villarroel -- Alfonso Verdugo y Castilla -- Fray Diego Tadeo González -- Vicente García de la Huerta -- Nicolás Fernández de Moratín -- José Cadalso -- María Gertrudis de Hore -- Gaspar Melchor de Jovellanos y Ramírez -- Francisco Gregorio de Salas -- Antonio Francisco de Castro -- José Iglesias de la Casa -- José María Vaca de Guzmán y Manrique -- Cristóbal de Beña -- Vicente Rodríguez de Arellano -- José Mor de Fuentes -- Juan Meléndez Valdés -- Juan Bautista Pablo Forner -- Leandro Fernández de Moratín -- Gaspar María de Nava Alvarez de Noroña -- Nicasio Alvarez de Cienfuegos -- Francisco Sánchez Barbero -- José Marchena -- María Rosa Gálvez de Cabrera --0 aJuan Bautista Arriaza y Superviela -- Francisco de Paula Castro -- Manuel María de Arjona -- Juan María Maury -- Félix José Reinoso -- Manuel José Quintana -- Dionisio Villanueva y Ochoa -- Alberto Lista y Aragón -- José Vicente Alonso -- José María Blanco y Crespo -- Manuel María del Mármol -- Bartolomé José Gallardo -- Eugenio de Tapia -- Juan Nicasio Gallego -- José Somoza -- Bernardino Fernández de Velasco -- José Joaquín de Mora -- Estanislao de Cosca Vayo y Lamarca -- Manuel de Cabanyes. 4aPoesía españolaySIGLO XVIII915870 4aPoesía españolaySIGLO XIX99196 4aLiteratura españolaySIGLO XVIII913698 4aLiteratura españolaySIGLO XIX93067 0aLibros de enlace ;ppoesía :v10:939886 aCatalogación por derivada / LC aBNGR 001054708MOaGRbGRcHDd2010-05-06iLF1l0o861.5 C289ap18423-10r2020-06-25w2020-06-25y4ZPréstamo en sala 001050718MOaGRbGRcHDd2013-12-05iLF1l0o861.5 C289ap18423-20r2020-06-25te. 2w2020-06-25y1ZNo se presta c17944d17944